The library of Roby Wentz on Western printing /

Bibliographic Details
Corporate Author: Dawson's Book Shop
Other Authors: Wentz, Roby
Format: Book
Language:English
Published: Los Angeles : Dawson's Book Shop, [1981]
Series:Catalogue (Dawson's Book Shop) ; no.461.
Subjects:

MARC

Tag First Indicator Second Indicator Subfields
LEADER 00000cam a2200000Ia 4500
001 in00002048430
005 20151101062902.0
008 881122s1981 caua bc 000 0 eng d
035 |a (OCoLC)ocm18794181 
040 |a CLU  |c CLU  |d OCLCQ  |d TXA  |d UtOrBLW 
043 |a n-usp-- 
049 |a TXAM 
090 |a Z208  |b .D38 1981 
110 2 |a Dawson's Book Shop. 
245 1 4 |a The library of Roby Wentz on Western printing /  |c Dawson's Book Shop. 
264 1 |a Los Angeles :  |b Dawson's Book Shop,  |c [1981] 
300 |a 59 unnumbered pages :  |b illustrations ;  |c 22 cm. 
336 |a text  |b txt  |2 rdacontent 
337 |a unmediated  |b n  |2 rdamedia 
338 |a volume  |b nc  |2 rdacarrier 
490 1 |a Catalogue ;  |v no.461 
500 |a Cover title. 
500 |a Cover design by Richard Hoffman. 
504 |a Includes Bibliographical references. 
580 |a The Cushing Library copy forms part of the Bibliography and Books Arts Section of the Al Lowman Printing Arts Collection and Research Archive. 
650 0 |a Printing  |z West (U.S.)  |x History  |v Bibliography. 
650 0 |a Booksellers' catalogs  |z United States. 
700 1 |a Wentz, Roby. 
773 0 |t Al Lowman Printing Arts Collection and Research Archive. 
830 0 |a Catalogue (Dawson's Book Shop) ;  |v no.461. 
948 |a cataloged  |b h  |c 2005/5/2  |d c  |e mjackson  |f 3:16:24 pm 
994 |a C0  |b TXA 
999 |a MARS 
999 f f |s 3ac1b5da-8531-3d13-8118-a122d3500e14  |i 596034f6-eb15-38d5-ac27-aa4ac29494c6  |t 0 
952 f f |p noncirc  |a Texas A&M University  |b College Station  |c Cushing Memorial Library & Archives  |d Cushing: Lowman (Does not check out)  |t 0  |e Z208 .D38 1981  |h Library of Congress classification  |i unmediated -- volume 
998 f f |a Z208 .D38 1981  |t 0  |l Cushing: Lowman (Does not check out)